Promoting emotional resilience (Record no. 138789)

MARC details
000 -LEADER
fixed length control field 00906nam a2200265Ia 4500
003 - CONTROL NUMBER IDENTIFIER
control field OSt
005 - DATE AND TIME OF LATEST TRANSACTION
control field 20220918171302.0
008 - FIXED-LENGTH DATA ELEMENTS--GENERAL INFORMATION
fixed length control field 220917b |||||||| |||| 00| 0 eng d
020 ## - INTERNATIONAL STANDARD BOOK NUMBER
International Standard Book Number 9781462526314 (hbk)
037 ## - SOURCE OF ACQUISITION
Terms of availability Textual
040 ## - CATALOGING SOURCE
Original cataloging agency ARTS
Transcribing agency ARTS
Language of cataloging eng
041 ## - LANGUAGE CODE
Source of code eng
Language code of text/sound track or separate title eng
100 ## - MAIN ENTRY--PERSONAL NAME
Personal name Smith Ronald E. Au.
9 (RLIN) 35414
245 #0 - TITLE STATEMENT
Title Promoting emotional resilience
Remainder of title cognitive affective stress management training
260 ## - PUBLICATION, DISTRIBUTION, ETC.
Place of publication, distribution, etc. New York
Name of publisher, distributor, etc. Guilford Press U.S.A
Date of publication, distribution, etc. 2016
300 ## - PHYSICAL DESCRIPTION
Extent xi,340p.
Dimensions cm.
650 ## - SUBJECT ADDED ENTRY--TOPICAL TERM
Topical term or geographic name entry element STRESS (PSYCHOLOGY)
9 (RLIN) 33158
700 ## - ADDED ENTRY--PERSONAL NAME
Personal name Ascough James C. Au.
9 (RLIN) 35415
942 ## - ADDED ENTRY ELEMENTS (KOHA)
Classification part S:34, Q6
Koha item type Textual
Source of classification or shelving scheme Colon Classification (CC)
Holdings
Withdrawn status Lost status Damaged status Not for loan Home library Current library Date acquired Source of acquisition Total Checkouts Full call number Barcode Date last seen Price effective from Koha item type
        Arts Library Arts Library 2022-09-18 8009, 10/03/2017, Efficient Book Distributors   S:34 Q6 AL1630787 2022-09-18 2022-09-18 Textual
Copyright @ Delhi University Library System